Online Catalogue and eLibrary

Nationalism and modernism : (Record no. 460)

MARC details
000 -LEADER
fixed length control field 00683cam a2200205 a 4500
001 - CONTROL NUMBER
control field 725678
005 - DATE AND TIME OF LATEST TRANSACTION
control field 20240221061420.0
008 - FIXED-LENGTH DATA ELEMENTS--GENERAL INFORMATION
fixed length control field 980326s1998 enk b 001 0 eng
020 ## - INTERNATIONAL STANDARD BOOK NUMBER
ISBN 041506340X (hc. : alk. paper)
020 ## - INTERNATIONAL STANDARD BOOK NUMBER
ISBN 0415063418 (pbk. : alk. paper)
040 ## - CATALOGING SOURCE (பட்டியலாக்க மூலம்)
Original cataloging agency DLC
Transcribing agency DLC
Modifying agency DLC
082 00 - DDC Classification
Class No. 320.54
DDC Edition Number 21
Item Number - Author Mark NAT.
100 1# - MAIN ENTRY--PERSONAL NAME
Personal name Smith, Anthony D.
245 10 - TITLE STATEMENT
Title Nationalism and modernism :
Remainder of title a critical survey of recent theories of nations and nationalism /
Statement of responsibility, etc. Anthony D. Smith.
260 ## - PUBLICATION, DISTRIBUTION, ETC.
Place of publication, distribution, etc. London ;
-- New York :
Name of publisher, distributor, etc. Routledge,
Date of publication, distribution, etc. 1998.
300 ## - PHYSICAL DESCRIPTION
Extent (e.g. Volumes, Pages etc.) xiv, 270 p. ;
650 #0 - SUBJECT ADDED ENTRY--TOPICAL TERM
Topical term or geographic name entry element Nationalism.
856 42 - ELECTRONIC LOCATION AND ACCESS
Uniform Resource Identifier <a href="http://www.loc.gov/catdir/enhancements/fy0648/98018648-d.html">http://www.loc.gov/catdir/enhancements/fy0648/98018648-d.html</a>
942 ## - Koha item type (Biblio)
Koha item type Books in Stacks (Lending)
Holdings
Lost status Damaged status Collection code Home library Current library Date acquired Full call number Accession Number Item type
    Lending WERC Library WERC Library 02/21/2024 320.54 NAT. 2928 Books in Stacks (Lending)

© WERC Library